=LDR 00000nam 2200000 4500 =001 INLIS000000000056908 =005 20201019092225 =035 ##$$a 0010-1020000101 =007 ta =008 201019################g##########0#ind## =082 ##$$a 320.7 =084 ##$$a 320.7 NAS a =100 #$$a Nasroen =245 1#$$a Asal mula negara /$c Prof. Mr. M. Nasroen =250 ##$$a cet.2 =260 ##$$a Jakarta :$b Aksara Baru,$c 1986 =300 ##$$a vii, 108 hlm., ; $c 14 x 21 cm =600 #4$$a Asal Negara =990 ##$$a 1199300544